Преемственность в системе методов обучения

Dades bibliogràfiques
Autor principal: Блаус А. Я. Альберт Янович
Autor corporatiu: Рижский политехнический институт
Idioma:rus
Publicat: Рига, [Б. и.], 1971
Matèries:
Format: MixedMaterials Llibre
KOHA link:https://koha.lib.tpu.ru/cgi-bin/koha/opac-detail.pl?biblionumber=379000

MARC

LEADER 00000nam0a2200000 4500
001 379000
005 20231102013043.0
035 |a (RuTPU)RU\TPU\retro\36461 
035 |a RU\TPU\book\85655 
090 |a 379000 
100 |a 20230622d1971 m y0rusy50 ca 
101 0 |a rus 
102 |a lv 
105 |a y z 000zy 
200 1 |a Преемственность в системе методов обучения  |f А. Я. Блаус  |g Рижский политехнический институт 
210 |a Рига  |c [Б. и.]  |d 1971 
215 |a 140 с. 
610 1 |a преподавание 
610 1 |a высшая школа 
610 1 |a обучение 
610 1 |a учебные процессы 
610 1 |a методика 
675 |a 378  |v 3 
700 1 |a Блаус  |b А. Я.  |g Альберт Янович 
712 0 2 |a Рижский политехнический институт  |9 24345 
801 1 |a RU  |b 63413507  |c 20050824  |g PSBO 
801 2 |a RU  |b 63413507  |c 20230622  |g RCR 
942 |c BK